Quiz sur le Khemed - Statistiques

Statistiques générales
  • Ce quiz a été pris 47 fois
  • Le résultat moyen est 12 sur 20
Statistiques - réponses
Question Réponse % Correct
Langue officielle Arabe
93%
Mer qui borde le Khemed Mer Rouge
88%
Principal produit d'exportation Pétrole
88%
Titre porté par le dirigeant du Khemed Emir
85%
Religion la plus pratiquée Islam
85%
Ville libanaise entretennant d'étroites relations, notamment en terme de diplomatie, avec le Khemed Beyrouth
75%
Biome qui recouvre la majeure partie du pays Désert
70%
Etoile
70%
Eléments figurant sur le drapeau du Khemed Lune
68%
Régime politique Monarchie absolue
68%
Type de canalisations traversant de fait le Khemed Oléoducs
65%
Monument français que le Khemed souhaitait racheter pour en faire un derrick Tour Eiffel
60%
Culture nomade arabe très présente au Khemed Culture b{édouine}
48%
Ben Kalish Ezab
40%
Péninsule sur laquelle le Khemed se situe Péninsule arabique
40%
Devise monétaire Dirham
33%
Deux principales familles se disputant le pouvoir Bab El Ehr
30%
Capitale et ville la plus peuplée Wadesdah
30%
Compagnie aérienne desservant la capitale Arabair
18%
Principal massif montagneux (djebel) Kadheïh
8%
Aucun quiz correspondant
Distribution des résultats
% des personnes avec chaque résultat
Percentile par nombre de réponses
Votre historique - résultats
Vous n’avez pas pris ce quiz